000 00367nam a22001577a 4500
003 SGT
020 _a978-81-312-3896-7
082 _a618.92
_bP18P
100 _aPARK, MYUNG K.
245 _aPARK'S PEDIATRIC CARDIOLOGY FOR PRACTITIONERS
250 _a6TH
260 _aINDIA
_bELSEVIER PUB
_c2018
300 _a676
650 _aPEDIATRIC
942 _2ddc
_cBK
_01
999 _c18486
_d18486